01062nam a22002414c 4500003000900000008004100009020001800050040003100068041001800099080001300117100002000130245003400150246004300184264004000227300005100267336002700318337003300345338002800378490000600406520036000412650002400772650002400796AR-BaSMT260407b aga|||br|||| 001 1 spa d a9789870410638 aBSGBbespañolcBSGBerda1 aInghInglés a82-31MCD1 aMcDonald, Megan10aStink : bel niño menguante21aStink : bthe incredible shrinking kid 1aBuenos aires : bAlfaguara , c2008 a104 páginas ; bilustraciones blanco y negro 2rdacontentatextobtxt 2rdamediaasin mediaciónbn 2rdacarrieravolumenbnc v1 aBajo, bajito...¡bajísimo! Todas las mañanas, Judy mide a Stink y siempre, mide lo mismo: noventa y siete centímetros. ¡Hasta Newton, un tritón que es la mascota de su clase, está creciendo más rápido que él! Pero un día, sucede algo aún peor: ¡Stink mide medio centímetro menos! ¡No puede ser! ¿O sí? ¿Se estará encogiendo? 7aLITERATURA INFANTIL 7aNOVELA DE AVENTURAS